000 00618nam a22002177a 4500
999 _c3053
_d3053
003 OSt
005 20230927150734.0
008 230927b ||||| |||| 00| 0 eng d
020 _a9789670650111
040 _cKH8
082 _a400 ZAB
100 _aZabri Hazry,
_eauthor.
245 _aBanjir /
_cZabri Hazry.
260 _aBukit Katil, Melaka:
_bPenerbit Eka,
_c2016.
300 _a24 pages :
_bcolour illustrations;
_c27 cm.
440 _aSiri Susuri Bencana Alam
650 _aChildren's stories
_vMalay
650 _aMalay language
_vForeign language
830 _aSiri Susuri Bencana Alam
942 _2ddc
_cTR